000 00699nas a2200217 4500
001 BR7903454
003 BR-BrBNA
005 20231205083754.0
007 ta
008 230509b bl.|||p| |||| 00| 00por d
040 _aBR-BrBNA
_bpor
_cBiblioteca Nacional de Agricultura
041 _a(Pt)
072 _aL72
100 1 _aMello, D.A.
245 1 _aNota sobre a biologia de Cuterebra apicalis (Guerin, 1829/38)(Diptera - Cuterebridae)[mosca]
650 _aMOSCA
650 _aBIOLOGIA
773 0 _tRevista Brasileira de Pesquisas Medicas e Biologicas (Brazil)
_xISSN 0034-7310
_g(Dec 1978), v. 11(6) p. 329-331
_wBR7903454
909 _a202311
_bLúcia
_c55
_dLúcia Elande
942 _2AGRIS
_n0
_cANA
999 _c101090
_d101090